000 00276nam a22001217a 4500
041 _aENG
100 _aKodgire .V.D
245 _aMaterial Science And Metallurgy
260 _aPune
_bEvarest
_c1998
300 _a712
650 _aCompetitive Exam
856 _uCompetitive Exam
999 _c697
_d697